1860 1167 1262 1162 1703 1363 1885 1209 1555 1234 1034 1965 1551 1243 1472 1096 1520 1066 1598 1454 1606 1069 1569 1854 1308 1332 1841 1996 1416 1669 1866 1219 1028 1168 1514 1927 1440 1611 1275 1133 1552 1926 1762 1784 1161 1064 1217 1413 1570 1873 1204 1204 1796 1653 1279 1654 1251 1223 1502 1190 1460 1690 1539 1924 1685 1193 1595 1532 1212 1461 1972 1323 1695 1236 1554 1861 1682 1692 1654 1330 1412 1226 1921 1398 1945 1625 1975 1140 1494 1867 1803 1062 1277 1706 1371 1269 1558 1791 1255 BCNSPRNW ULIB Ver.6.0+V

เปลี่ยนเป็นภาษาไทย

Change to English
 แสดงรายละเอียดบรรณานุกรม
  กลับหน้าหลัก

Brief Record : Get Marc (ISO 2709) : E-mail record : QR code < ปิดหน้าต่าง
LEADER : 00000nam 2200000uu 4500
001    13399123123
003     ULIB
008    140304s2009||||th 000 0 eng d
020    ^a9781605475189 (cloth : alk. paper)
040    ^abra
060 10 ^aWY154^bM889c 2009
100 1  ^aMorton, Patricia Gonce,^d1952-
245 00 ^aCritical care nursing :^ba holistic approach /^cPatricia Gonce Morton, Dorrie K. Fontaine
250    ^a9th ed.
260    ^aPhiladelphia :^bWolters Kluwer Health/Lippincott Williams & Wilkins,^cc2009
300    ^axxxiii, 1502 p. :^bcol. ill. ;^c29 cm. +^e1 CD-ROM (4 3/4 in.)
504    ^aIncludes bibliographical references and index
650  0 ^aIntensive care nursing.
650  0 ^aHolistic nursing.
650  2 ^aCritical Care.
650  2 ^aHolistic Nursing
700 1  ^aFontaine, Dorrie K.
945    ^p0^l0^i027425
999    ^aกมลทิพย์ ธนสารสุธี
รายการนี้ยังไม่มีแท็ก
คุณยังไม่ได้ล็อกอิน คุณสามารถมีกิจกรรมร่วมกับเว็บไซต์ได้ แต่ต้องล็อกอินก่อน ::
  ล็อกอิน

รายการสื่อสารสนเทศ

ลำดับที่ ประเภท เลขเรียก/บาร์โค้ด สถานที่ สถานะ
1. Book การพยาบาล
หนังสือสำรอง
สถานะ=หนังสือสำรอง
WY154 M889c 2009 ฉ.1 
  Barcode: 027425
ห้องสมุดวิทยาเขตสวรรค์ประชารักษ์
►หนังสือทั่วไป
บนชั้น

รายการใกล้เคียง
    หัวเรื่อง [Intensive care nursing.]
    หัวเรื่อง [Critical Care.]
    หัวเรื่อง [Holistic Nursing]

BibComment


ยังไม่เคยถูกคอมเมนท์

คอมเมนท์ทรัพยากรรายการนี้
  คอมเมนท์: Critical care nu..


 Copyright 2026. Bcnsprnw @Library